000 00195nam a2200097Ia 4500
008 240331s9999 xx 000 0 und d
082 _bSIV
100 _aSivadas
245 0 _analamudan
942 _cL
999 _c4597
_d4597